000 00665cam a22002531i 4500
999 _c5134
_d5134
001 7026859
003 GBCCL
005 20241126110534.0
008 790530s1961 tnu 000 0aeng
010 _a 61005394
035 _a(OCoLC)5015240
040 _aDLC
_cTxDaB
_dDLC
042 _apremarc
050 0 0 _aBV4935.L77
_bA3
082 _a248.24
_bLUC
100 1 _aLuck, Burnice.
_99261
245 1 0 _aGod made me new /
_bBurnice Luck.
260 _aNashville :
_bBroadman,
_c1961.
300 _a70 p. ;
_c20 cm.
600 1 0 _aLuck, Burnice.
_99261
650 0 _aConverts.
_99262
906 _a7
_bcbc
_coclcrpl
_du
_encip
_f19
_gy-gencatlg
942 _2ddc
_cBK
_01